000 00331 a2200133 4500
082 _a891.4391
090 _c6157
_d6157
100 _aAhmed,Durre S.
245 _aIslam and The West.
_cDr.Durre S.Ahmed.
260 _aPakistan.
_bIqbal Academy.
_c2004.
300 _a68p.
500 _aPaper cover.
942 _aNBS
_cBK
_k297.293 AHM
999 _c348534
_d348534